01889nam a2200301 a 4500003000700000005001700007008004100024020001800065040002500083050001500108100003200123245014500155260003300300300003100333336002800364337003000392338002700422500089300449650002201342650002301364650002901387650004201416650001501458650002601473650003001499700002701529700003101556CBULib20250221094501.0161102s2013 ||||||||||||||||| || u a9780230761360 bEnglishcCBULiberda aHD 31 Gov  aGovindarajan, Vijayeauthor11aHow Stella saved the farm : a tale about making innovation happenc/ by Vijay Govindarajan and Chris Trimble ; illustrated by Keny Widjaja. aNew York :bMacmillan,c2013 a160 pages : illusterations 2rdacontentaText |btxt 2rdamediaaUnmediated |bn 2rdacarrieraVolumebnc aInspired by George Orwell's Animal Farm and the international bestseller Our Iceberg is Melting, How Stella Saved the Farm is a simple parable about embracing change and managing innovation in difficult times. Bankruptcy, or the grim prospect of being acquired by a hostile human competitor, threatens Windsor Farm. But when a young sheep called Stella comes up with a bold idea, will the other animals be able to respond to her ambitious call to action? Grounded in over a decade of academic research, How Stella Saved the Farm will resonate for organizations of all types, from global corporations to small companies looking to embrace change. With eight simple lessons to guide new initiatives to success, it prepares readers to avoid some of innovation's most toxic myths, how to build the right kind of team, and how to take their business to the next level in a fast-changing world. 0aCREATIVE THINKING 0aSTRATEGIC PLANNING 0aDIFFUSION OF INNOVATIONS 0aTECHNOLOGICAL INNOVATIONS--MANAGEMENT 0aMANAGEMENT 0aORGANIZATIONAL CHANGE 0aORGANIZATIONAL INNOVATION aTrimble, Chriseauthor aWidjaja, Kenyeillustrator